Rules of measurement for the preparation of bills of quantities in Cyprus for Service Departments (Record no. 96251)

MARC details
000 -LEADER
fixed length control field 00523cam a2200193 4500
001 - CONTROL NUMBER
control field D4162
008 - FIXED-LENGTH DATA ELEMENTS--GENERAL INFORMATION
fixed length control field 090401t1959 xxu||||| |||| 00| 0 eng d
035 ## - SYSTEM CONTROL NUMBER
System control number (Sirsi) u76809
041 ## - LANGUAGE CODE
Language code of text/sound track or separate title eng
050 ## - LIBRARY OF CONGRESS CALL NUMBER
Classification number 692.3095645
110 ## - MAIN ENTRY--CORPORATE NAME
Corporate name or jurisdiction name as entry element Air Ministry
9 (RLIN) 1061
245 ## - TITLE STATEMENT
Title Rules of measurement for the preparation of bills of quantities in Cyprus for Service Departments
260 ## - PUBLICATION, DISTRIBUTION, ETC.
Place of publication, distribution, etc. Cyprus
Name of publisher, distributor, etc. Air Ministry
Date of publication, distribution, etc. 1959
300 ## - PHYSICAL DESCRIPTION
Extent 13p. 23cm
350 ## - PRICE (NR) (BK AM CF MU VM SE) [OBSOLETE]
Price 0
520 ## - SUMMARY, ETC.
Summary, etc. Filed at SMM 1959/2B
942 ## - ADDED ENTRY ELEMENTS (KOHA)
Suppress in OPAC 0
948 ## - LOCAL PROCESSING INFORMATION (OCLC); SERIES PART DESIGNATOR (RLIN)
c (OCLC) 04/03/1997
Holdings
Withdrawn status Lost status Source of classification or shelving scheme Damaged status Not for loan Home library Current library Shelving location Date acquired Total Checkouts Full call number Barcode Date last seen Copy number Price effective from Koha item type
    Other/Generic Classification Scheme     London London Gallery 15/01/1992   SMM 1959/2 30032200 06/08/2019 1 06/08/2019 Reference material